Kelopak Anggerik

Bibliographic Details
Main Author: Mohd.Isnin Tawaf
Format: Book
Published: Kuala Lumpur : Creative Enterprise , 1993

MARC

LEADER 00000cam a2200000 7i4500
001 0000003528
002 000003798
005 20011127.0
020 |a 9838930725 
090 0 0 |a F   |b MOH 
100 0 |a Mohd.Isnin Tawaf 
245 1 0 |a Kelopak Anggerik   |c Mohd Isnin Tawaf 
260 |a Kuala Lumpur :   |b Creative Enterprise ,   |c 1993 
300 |a 171p. ;   |c 18cm. 
999 |a 031908   |b BUKU   |c FICTION   |e PERPUSTAKAAN KOMUNITI PETALING JAYA 
999 |a 031909   |b BUKU   |c FICTION   |e PERPUSTAKAAN KOMUNITI PETALING JAYA 
999 |a 031910   |b BUKU   |c FICTION   |e PERPUSTAKAAN KOMUNITI PETALING JAYA 
999 |a 044735   |b BUKU   |c FICTION   |e PERPUSTAKAAN KOMUNITI CAW KOTA DAMANSARA 
999 |a 044736   |b BUKU   |c FICTION   |e PERPUSTAKAAN KOMUNITI CAW KOTA DAMANSARA 
999 |a 044737   |b BUKU   |c FICTION   |e PERPUSTAKAAN KOMUNITI CAW KOTA DAMANSARA